| 000 | 00749nam a22002297a 4500 | ||
|---|---|---|---|
| 003 | 0 | ||
| 005 | 20250917122951.0 | ||
| 008 | 250917b xxu||||| |||| 00| 0 eng d | ||
| 020 | _a978-1-394-28948-6 | ||
| 050 |
_aQA 76.9.D343 _b.C74 2025 |
||
| 100 |
_aCremonini, Marco, _eauthor. |
||
| 245 |
_aData visualization in R and python / _cMarco Cremonini. |
||
| 260 |
_aHoboken, New Jersey : _bJohn Wiley & Sons, Inc., _c2025. |
||
| 300 |
_axxiii, 551 pages : _billustrations ; _c24 cm. |
||
| 504 | _aIncludes index. | ||
| 650 | _aData visualization. | ||
| 650 | _aR (Computer program language). | ||
| 650 | _aPython (Computer program language). | ||
| 650 |
_aStatistics _xData processing. |
||
| 650 |
_aBig data _xVisualization. |
||
| 942 |
_2lcc _cBK |
||
| 999 |
_c368013 _d368013 |
||